01003nam a2200241 a 4500001001000000003000500010005001700015008004100032010001100073011001100084040000900095100003200104245013300136260004000269500006000309502010400369650004600473650003600519650005800555650003600613650004200649856007000691000113471CHAP20220329144356.0170629s2016 mx sm |||||||spa d a109932 a110904 cCHAP1 aZavala Meza, José Antonio10aJóvenes universitarios indígenas en Morelia :h[En línea]bviolencia y discriminación /cpor José Antonio Zavala Meza. aMorelia, Méx, :bEl autor,c2016. aPara ver el contenido del material haga clic en la liga aTesis (M.C. en Desarrollo Rural Regional) -- UACH. Dirección de Centros Regionales Universitarios14aDiscriminación en educación superior.14aDiscriminaciónxPrevención.14aEducaciónxAspectos psicológicos del adolescente.14aJuventud indigenaxEducación.14aViolencia escolarxAspectos sociales. aFinding aiduhttp://10.13.5.2/tesis/sist113471.pdfzTeclea aquí